000 00421nam a22001697a 4500
005 20160429144231.0
008 160429b xxu||||| |||| 00| 0 eng d
020 _a978-81-8054-711-9
041 _aeng
082 _b00921
100 _aGupta R.L. Gupta V.K.
_9259
245 _aPrinciples and Practice of Accountancy
260 _bSultan Chand & Sons.
_c2010
300 _a336
650 _aManagement
_9241
942 _cBK
999 _c299
_d299